Pokemon Starters (1st Stage) - Statistics

General Stats
  • This quiz has been taken 23 times
    19 since last reset
  • The average score is 24 of 30
Answer Stats
Region Games Type Answer % Correct
Kanto Red, Blue, Green, FireRed, LeafGreen, Go Grass/Poison Bulbasuar
100%
Kanto Red, Blue, Green, FireRed, LeafGreen, Go Fire Charmander
100%
Kanto Yellow, Let's Go Pikachu (player), Let's go Eevee (rival), Go Electric Pikachu
100%
Kanto Red, Blue, Green, FireRed, LeafGreen, Go Water Squirtle
100%
Kanto Yellow (rival), Let's Go Pikachu (rival), Let's go Eevee (player), Brick Bronze (rival) Normal Eevee
94%
Alola Sun, Moon, Ultra Sun, Ultra Moon Grass/Flying Rowlet
89%
Johto Gold, Silver, Crystal, Heartgold, SoulSilver Grass Chikorita
83%
Johto, Hisui Gold, Silver, Crystal, Heartgold, SoulSilver, Legends Arceus Fire Cyndaquil
83%
Hoenn Ruby, Sapphire, Emerald, Omega Ruby, Alpha Sapphire Water Mudkip
83%
Unova Black, White, Black 2, White 2 Grass Snivy
83%
Unova Black, White, Black 2, White 2 Fire Tepig
83%
Hoenn Ruby, Sapphire, Emerald, Omega Ruby, Alpha Sapphire Fire Torchic
83%
Johto Gold, Silver, Crystal, Heartgold, SoulSilver Water Totodile
83%
Sinnoh Diamond, Pearl, Platinum, Brilliant Diamond, Shining Pearl Fire Chimchar
78%
Kalos X and Y Water Froakie
78%
Alola Sun, Moon, Ultra Sun, Ultra Moon Fire Litten
78%
Unova, Hisui Black, White, Black 2, White 2, Legends Arceus Water Oshawott
78%
Sinnoh Diamond, Pearl, Platinum, Brilliant Diamond, Shining Pearl Water Piplup
78%
Galar Sword, Shield Water Sobble
78%
Hoenn Ruby, Sapphire, Emerald, Omega Ruby, Alpha Sapphire Grass Treecko
78%
Sinnoh Diamond, Pearl, Platinum, Brilliant Diamond, Shining Pearl Grass Turtwig
78%
Paldea Scarlet, Violet Fire Fuecoco
72%
Alola Sun, Moon, Ultra Sun, Ultra Moon Water Popplio
72%
Paldea Scarlet, Violet Water Quaxly
72%
Kalos X and Y Grass Chespin
67%
Kalos X and Y Fire Fennekin
67%
Galar Sword, Shield Grass Grookey
67%
Galar Sword, Shield Fire Scorbunny
67%
Paldea Scarlet, Violet Grass Sprigatito
67%
Another World Ultra Sun, Ultra Moon (mentioned it's a starter on it's world but it's not on the world you're from) Poison Poipole
50%
No matching quizzes found
Score Distribution
Percent of People with Each Score
Percentile by Number Answered
Your Score History
You have not taken this quiz since the last reset